000 01652nam a22002177a 4500
999 _c4016
_d4016
020 _a9780706999280
020 _a0706909402
050 _aHF5547
_b.A76
100 _aS P Arora
245 _aOffice organisation and management
_cS P Arora
250 _a2nd ed.
260 _aIndia :
_bVikas Pub. House,
_c1980.
300 _ax, 501 p. :
_b illus.;
_c22 cm
500 _aIncludes index.
505 _aChapter 1:The Office and Its Functions Chapter 2: Office Management and Office Manager Chapter 3: Office Organisation Chapter 4: Delegation of Authority and Departmentation Chapter 5:Office Systems and Routines Chapter 6:Office Accommodation and Layout Chapter 7:Office Environments Chapter 8:Security Chapter 9: Departments of Modern Office Chapter 10:Office Supervision Chapter 11: Records Management-I Chapter 12: Records Management-II Chapter 13: Office Furniture, Equipment and Machines-I Chapter 14: Office Furniture, Equipment and Machines-II Chapter 15: Forms, Design, Management and Control Chapter 16: Communication Chapter 17:Office Correspondence and Mail Chapter 18:Office Stationery and Supplies and Their Control Chapter 19: Standardisation, Standards and Work Measurement, Chapter 20:Production Control and Quality Control Chapter 21: Office Cost Reduction and Cost Saving Chapter 22: Office Manuals and Office Audit Chapter 23: Business Reports Chapter 24: Statistical Data Chapter 25:Office Personnel-I Chapter 26:Office Personnel-II
650 _a Office management.
650 _a Office equipment and supplies.
650 _aPersonnel management.
700 _aS P Arora
942 _cBK